Veda a vzdelanie po konci histórie

Bibliographic Details
Main Author: Lepenies, Wolf (Author)
Other Authors: Luby, Štefan, 1941- (Translator)
Format: Article
Language:Slovak
PhysicalDescription:Fotogr. 1
ISSN:0862-5999
Subjects:

MARC

LEADER 00000nab a2200000 a 4500
001 vtls000564530
003 SK-MaSNL
005 20260304091712.0
008 250425c1995 xo 0 slo
015 |a SNBRB19rr/mm-uuuuu 
035 |a CL0564668 
035 |a urn:nbn:sk:snk-abakq8 
035 |a (urnnbn)urn:nbn:sk:snk:ar-0084h0 
035 |a (uuid)ae6a40a2-f76f-4f40-aece-93cb74dd0b00 
040 |a SNKBUCL  |b slo  |c SNKBUCL  |e AACR2 
041 0 |a slo 
044 |a xo  |c SK 
080 |a 301.15/.18:001:37:32:33:36  |2 1981 
080 |a 001  |2 1981 
080 |a 37  |2 1981 
080 |a 32  |2 1981 
080 |a 33  |2 1981 
080 |a 36  |2 1981 
100 1 |a Lepenies, Wolf  |4 aut  |9 1384450 
245 1 0 |a Veda a vzdelanie po konci histórie  |c Wolf Lepenies ; Prekl. a úv. pozn. Štefan Luby 
300 |b Fotogr. 1 
650 0 7 |a spoločnosť  |2 snkbucl  |9 1013 
650 0 7 |a veda  |2 snkbucl  |9 1599 
650 0 7 |a vzdelanie  |2 snkbucl  |9 21570 
655 7 |a články z novín a časopisov  |2 snkbucl  |9 267496 
700 1 |a Luby, Štefan,  |d 1941-  |4 trl  |9 92597 
773 0 |t Literárny týždenník  |g Roč. 8, č. 41 (1995), s. 3 a 5  |x 0862-5999 
850 |a Slovenská národná knižnica 
852 |a Slovenská národná knižnica 
954 |a odborná, vedecká literatúra pôvodná (slovenská)  |2 lita 
958 |a article14 
958 |a RK 
958 |a OND 
958 |a EUIPO 
999 |c 2816430  |d 2818360